000 00552cam a22002291 4500
001 sa 64000173
003 DLC
005 20260227111954.0
008 891030s1962 ii b 000 0 telo
010 _asa 64000173
035 _a(OCoLC)20572296
040 _aDLC
_cWaU
_dDLC
042 _apremarc
050 0 0 _aPK3791.B4
_bY37
100 0 _aBhāsa.
245 1 0 _aYajñaphalamu.
260 _c1962.
300 _axx, 120 p.
_c18 cm.
500 _aIn Telugu.
504 _aBibliographical footnotes.
700 1 _aVenkateswarlu, Bulusu,
_d1908-
999 _c56069
_d56069